Roman Life - Names - Statistics

General Stats
  • This quiz has been taken 10 times
  • The average score is 2 of 12
Answer Stats
Hint Answer % Correct
third name, marks branch of family, typically descriptive of some ancestor cognomen
100%
first name praenomen
75%
second name, family name, tells what gens (clan) to which a person belongs nomen
50%
additional cognomina after the third name, sometimes added after adoption, sometimes added after achievement agnomen
0%
bearded Barbatus
0%
the man with a head Capito
0%
wise Cato
0%
chickpea Cicero
0%
curly-haired Cincinnatus
0%
the man with a nose Naso
0%
the gens (clan) to which a person belongs to nomen gentile
0%
___ were most commonly the feminine form of their father's nomen or could be an adjective reflecting her position among sisters women's names
0%
No matching quizzes found
Score Distribution
Percent of People with Each Score
Percentile by Number Answered
Your Score History
You have not taken this quiz